000 00744nam a2200289Ia 4500
005 20260324150317.0
008 008 260324s9999 xx 000 0 eng d
020 _a9781315694702
037 _aEBOOK
040 _aCRL
040 _beng
040 _cCRL
041 _2eng
041 _aeng
084 _qCRL
100 _aMarjorie Grene
_91225988
245 4 _aThe Anatomy of Knowledge
245 0 _bPapers Presented to the Study Group on Foundations of Cultural Unity, Bowdoin College, 1965 and 1966
260 _bTaylor and Francis
260 _c1969
365 _a
365 _b240
856 _uhttp://www.taylorfrancis.com/books/9781315694702
942 _cEBOOK
999 _c1835216
_d1835216